|
|
|
|
| LEADER |
00000nab a2200000 a 4500 |
| 001 |
vtls009004758 |
| 003 |
SK-MaSNL |
| 005 |
20260304164812.0 |
| 008 |
250507c2007 xo qr|p|||||||000 b|slo |
| 015 |
|
|
|a SNBRB2007/06
|
| 035 |
|
|
|a (sysno)vtls009004758
|
| 035 |
|
|
|a urn:nbn:sk:snk-ab74ju
|
| 035 |
|
|
|a (uuid)80a59806-af86-4076-8085-ca1fd5bc7a02
|
| 035 |
|
|
|a (urnnbn)urn:nbn:sk:snk:ar-a06tet
|
| 038 |
|
|
|a SNKBUCL
|
| 040 |
|
|
|a SNKBUCL
|b slo
|c SNKBUCL
|e AACR2
|
| 041 |
0 |
|
|a slo
|
| 044 |
|
|
|a xo
|c SK
|
| 080 |
|
|
|a 342.9
|2 1997
|
| 080 |
|
|
|a 347.95
|2 1997
|
| 080 |
|
|
|a 342.565.4
|2 1997
|
| 245 |
0 |
0 |
|a Preskúmanie správneho uváženia súdom
|b správne právo
|c Eva Babiaková ... [et al.]
|
| 650 |
0 |
7 |
|a správne právo
|2 snkbucl
|9 2266
|
| 650 |
0 |
7 |
|a súdne spory
|2 snkbucl
|9 59780
|
| 650 |
0 |
7 |
|a súdne rozhodnutia a stanoviská
|2 snkbucl
|9 4638
|
| 650 |
0 |
7 |
|a správne uváženie súdom
|2 snkbucl
|9 1494184
|
| 700 |
1 |
|
|a Babiaková, Eva
|4 aut
|9 337856
|
| 700 |
1 |
|
|a Ľalík, Milan,
|d 1953-
|4 aut
|9 248683
|
| 700 |
1 |
|
|a Sučanská, Daniela
|4 aut
|9 534586
|
| 700 |
1 |
|
|a Minárik, Štefan
|4 aut
|9 278173
|
| 700 |
1 |
|
|a Ďurišová, Zuzana
|4 aut
|9 279539
|
| 773 |
0 |
|
|t Zo súdnej praxe
|g Roč. 12, č. 3 (2007), s. 113-118
|x 1335-177X
|
| 850 |
|
|
|a Slovenská národná knižnica
|
| 852 |
|
|
|a Slovenská národná knižnica
|
| 954 |
|
|
|a odborná, vedecká literatúra pôvodná (slovenská)
|2 lita
|
| 958 |
|
|
|a article27
|
| 958 |
|
|
|a SK
|
| 958 |
|
|
|a OND
|
| 958 |
|
|
|a EUIPO
|
| 999 |
|
|
|c 2981576
|d 2983506
|